Siirry sisältöön

Опрокинутый жертвенник: роман Художественная литература

IV век. Римская империя. Язычество и христианство сошлись в решающем поединке. Кто победит? Теург и философ Элпидий идет тернистым путем находок и утрат удач и разочарований. На фоне полной драматизма жизни христиан и язычников бедняков царедворцев императоров теургия для философа - последняя спасит...

Täydet tiedot

Tallennettuna:
Bibliografiset tiedot
Päätekijä: Лушников А.Е
Aineistotyyppi: Художественная литература
Linkit:https://znanium.com/catalog/document?id=385234
https://znanium.com/cover/1836/1836574.jpg
Tagit: Lisää tagi
Ei tageja, Lisää ensimmäinen tagi!
LEADER 02152nam0a2200301 i 4500
001 RU\infra-m\znanium\bibl\1836574
003 https://znanium.com/catalog/document?id=385234
005 20231013000000.0
010 |a 978-5-9729-0256-9 
100 |a 20231013d2021 m y0rusy0150 ca 
101 0 |a rus 
102 |a RU 
200 1 |a Опрокинутый жертвенник: роман  |e Художественная литература 
210 1 |a Вологда  |c Инфра-Инженерия  |d 2018 
215 |a 276 с. 
330 |a IV век. Римская империя. Язычество и христианство сошлись в решающем поединке. Кто победит? Теург и философ Элпидий идет тернистым путем находок и утрат удач и разочарований. На фоне полной драматизма жизни христиан и язычников бедняков царедворцев императоров теургия для философа - последняя спасительная соломинка. Постепенно он понимает что только сокрушив в своем сердце жертвенник ложным богам можно прийти к Истине. 
333 |a ВО - Бакалавриат 
606 |a Художественная литература. Досуг  |x Современная российская литература  |2 local 
608 |a Художественная литература  |2 local 
675 |a 820  |z rus 
686 |a 842  |2 rubbk 
686 |a 44.03.01  |2 okso 
686 |a 45.03.01  |2 okso 
686 |a 45.03.99  |2 okso 
700 1 |a Лушников  |b А.Е.  |g Андрей Евстафьевич 
801 0 |a RU  |b Общество с ограниченной ответственностью «ЗНАНИУМ»  |c 20210813  |2 rusmarc 
856 4 |a znanium.com  |m ebs_support@infra-m.ru  |n НИЦ ИНФРА-М  |u https://znanium.com/catalog/document?id=385234 
856 4 1 |a znanium.com  |d /cover/1836  |f 1836574.jpg  |q image/jpeg  |u https://znanium.com/cover/1836/1836574.jpg